| 000 | 00657nam a2200193 i 4500 | ||
|---|---|---|---|
| 001 | 61029 | ||
| 003 | ES-MaACL | ||
| 005 | 20250730233732.0 | ||
| 007 | t| | ||
| 008 | 031110s1946 sp ||||1| spa d | ||
| 245 | 0 | 3 |
_aLa espondiloartritis anquilopoyética / _cpor A. Pedro Pons ... [et al.]. |
| 260 |
_aBarcelona : _bScientia, _c[1946] |
||
| 300 |
_a103 p. : _bil. ; _c24 cm. |
||
| 490 | 1 |
_aMonografías de la revista española de reumatismo ; _v1 |
|
| 700 | 1 |
_aPedro Pons, A., _d1898-1971 _989929 |
|
| 830 | 0 | 0 |
_aMonografías de la Revista española de reumatismo _v1 _9182756 |
| 852 |
_aES-MaACL _jE-4058 _bR.22118 |
||
| 999 |
_c61029 _d61029 |
||